| 000 | 00000nam 2200000zi 4500 |
| 001 | 9.940429 |
| 003 | CaOODSP |
| 005 | 20250107144100 |
| 006 | m o d f |
| 007 | cr cn||||||||| |
| 008 | 240710t20242024onca obs f000 0 eng d |
| 020 | |a9780660727363 |
| 040 | |aCaOODSP|beng|erda|cCaOODSP |
| 043 | |an-cn--- |
| 086 | 1 |aCS11-627/2024-31E-PDF |
| 245 | 00|aTrends in employment and hourly earnings among mothers of young children, 1997-2023. |
| 264 | 1|a[Ottawa] : |bStatistics Canada = Statistique Canada, |c[2024] |
| 264 | 4|c©2024 |
| 300 | |a1 online resource (1 unnumbered page) : |billustrations |
| 336 | |atext|btxt|2rdacontent |
| 337 | |acomputer|bc|2rdamedia |
| 338 | |aonline resource|bcr|2rdacarrier |
| 500 | |aCaption title. |
| 500 | |aIssued also in French under title: Tendances relatives à l’emploi et au salaire horaire des mères de jeunes enfants, 1997 à 2023. |
| 504 | |aIncludes bibliographical references. |
| 520 | |a"This infographic uses data from the Labour Force Survey to look at trends in employment and wage among mothers with young children (age 5 and under). Special attention is paid to differences based on partnership status of mothers"--Provided by publisher. |
| 650 | 0|aMothers|zCanada|vStatistics. |
| 650 | 0|aMothers|xEmployment|zCanada|vStatistics. |
| 650 | 0|aWages|xWomen|zCanada|vStatistics. |
| 655 | 7|aStatistics|2lcgft |
| 710 | 2 |aStatistics Canada, |eissuing body. |
| 775 | 08|tTendances relatives à l’emploi et au salaire horaire des mères de jeunes enfants, 1997 à 2023.|w(CaOODSP)9.940430 |
| 856 | 40|qPDF|s193 KB|uhttps://publications.gc.ca/collections/collection_2024/statcan/11-627-m/11-627-m2024031-eng.pdf |
| 856 | 4 |qHTML|sN/A|uhttps://www150.statcan.gc.ca/n1/pub/11-627-m/11-627-m2024031-eng.htm |